Latin or Greek Roots - Statistics

General Stats
  • This quiz has been taken 26 times
  • The average score is 12 of 15
Answer Stats
Question Answer % Correct
Mal Latin
96%
Hydro Greek
92%
Aqua Latin
92%
Bene Latin
88%
Phobia Greek
83%
logy Greek
83%
Graph Greek
79%
Bio Greek
79%
Photo Greek
79%
Ambi Latin
79%
Aud Latin
75%
Nym Greek
67%
Uni Latin
67%
Auto Greek
63%
Arch Greek
58%
No matching quizzes found
Score Distribution
Percent of People with Each Score
Percentile by Number Answered
Your Score History
You have not taken this quiz